00554nam a22002057a 450000500170000001000130001702000230003003500130005303700160006604000120008208200130009410000150010724500360012226000570015827000440021530000230025950000200028265000300030265000160033220170124110042.0 aA-825932 c135.00a0074630849 aA-825932 bCen Lib/Ret aDPLbEN a881bDOV aDove, Rita aSelected poems /cby Rita Dove  aNew DelhibTata Macgraw hiil publishng companyc1996 a4/12, Asaf ali road bNew Delhie110002 axv,210p.c21cm(Hb) aIncludes index  aShort poetries , American aLiterature